Total quality management (Record no. 344564)
[ view plain ]
| 000 -LEADER | |
|---|---|
| fixed length control field | 00286 a2200121 4500 |
| 020 ## - INTERNATIONAL STANDARD BOOK NUMBER | |
| International Standard Book Number | 9789698535056 |
| 090 ## - LOCALLY ASSIGNED LC-TYPE CALL NUMBER (OCLC); LOCAL CALL NUMBER (RLIN) | |
| -- | 2061 |
| -- | 2061 |
| 100 ## - MAIN ENTRY--PERSONAL NAME | |
| Personal name | Dr. Khan Nawar |
| 245 ## - TITLE STATEMENT | |
| Title | Total quality management |
| 260 ## - PUBLICATION, DISTRIBUTION, ETC. | |
| Place of publication, distribution, etc. | NUST Publishing Rawalpindi |
| 300 ## - PHYSICAL DESCRIPTION | |
| Extent | 304 |
| 942 ## - ADDED ENTRY ELEMENTS (KOHA) | |
| Institution code [OBSOLETE] | NBS |
| Koha item type | Book |
| Call number prefix | 658.562 KHA |
| Withdrawn status | Lost status | Damaged status | Not for loan | Permanent Location | Current Location | Date acquired | Total Checkouts | Full call number | Barcode | Date last seen | Price effective from | Koha item type | Source of classification or shelving scheme | Shelving location | Source of acquisition |
|---|---|---|---|---|---|---|---|---|---|---|---|---|---|---|---|
| Central Library (CL) | Central Library (CL) | 08/28/2013 | 658.562 KHA | NBS8343 | 08/28/2013 | 08/28/2013 | Book | ||||||||
| Central Library (CL) | Central Library (CL) | 08/28/2013 | 658.562 KHA | NBS8341 | 07/28/2025 | 08/28/2013 | Book | ||||||||
| Central Library (CL) | Central Library (CL) | 08/28/2013 | 658.562 KHA | NBS8342 | 08/28/2013 | 08/28/2013 | Book | ||||||||
| Central Library (CL) | Central Library (CL) | 01/02/2020 | 658.562 KHA | CL-D-817 | 01/02/2020 | 01/02/2020 | Book | Management Sciences | Donation | ||||||
| Central Library (CL) | Central Library (CL) | 07/28/2025 | 658.562 KHA | CL2065 | 07/28/2025 | 07/28/2025 | Book |
